000 00478nam a2200193Ia 4500
005 20250603144719.0
008 250603s9999 xx 000 0 und d
020 _a9780071289511
050 _aTH 145 .P48/
100 _aPeurifoy, Robert L...[et al.]
245 0 _aConstruction planning, equipment, and methods
250 _a8th ed.
260 _aNew York
260 _bMcGraw Hill Education
260 _c2011
300 _a800 p
650 _aNew York
942 _cBK
999 _c39735
_d39735